00592nam a22001937a 450000500170000001000440001702000260006103500170008703500140010403700150011803700130013308200140014610000150016024500760017526000390025127000430029030000250033350000400035820180626094416.0 a1718EN-30 ENG-120880 B-687368-372 a9789386392640c495.00 aB-687368-372 aEN-104412 bUppalaDPL bDBAD/PUB a320.95443 aShah, A.M. aSociology and history :cby A.M. Shahb dialogues towards integration / c2017aNew DelhibOrient Blackswan  a1/24, Asaf Ali RoadbNew Delhie110002 c23cm(pbk)axii,254p. aIncludes bibliographical references